Las siete competencias básicas para educar en los valores
Uloženo v:
| Hlavní autoři: | , |
|---|---|
| Médium: | Kniha |
| Jazyk: | španělština |
| Vydáno: |
Barcelona
Graó
2008
|
| Vydání: | 2a. ed |
| Edice: | Desarrollo Personal del Profesorado, 11
|
| Témata: | |
| Tagy: |
Přidat tag
Žádné tagy, Buďte první, kdo vytvoří štítek k tomuto záznamu!
|
MARC
| LEADER | 00000nam a2200000 a 4500 | ||
|---|---|---|---|
| 001 | UCH1046 | ||
| 003 | CL-VaPUC | ||
| 008 | 090402e20080100SP |||||||||||||||||spa|d | ||
| 020 | |a 9788478275090 | ||
| 082 | 0 | 4 | |a 370.114 |b MAR |2 21 |
| 100 | |a Martín García, Xus |e autora |9 564838 | ||
| 700 | 0 | |a Puig Rovira, Josep María |e author |9 535384 | |
| 245 | 1 | 4 | |a Las siete competencias básicas para educar en los valores |
| 250 | |a 2a. ed | ||
| 300 | |a 182 p | ||
| 942 | |c BK | ||
| 945 | |d 20090402 00:00:00 |a dcastane | ||
| 260 | |a Barcelona |b Graó |c 2008 | ||
| 650 | 0 | |a Educación moral |9 308319 | |
| 650 | 0 | |a Valores sociales |9 309627 | |
| 650 | 0 | |a Valores morales |9 310604 | |
| 650 | 0 | |a Ética |9 255099 | |
| 650 | 0 | |a Comportamiento social |9 334200 | |
| 583 | |a last modification |c 20090402 00:00:00 |k Rodrigo Vera | ||
| 490 | 0 | |a Desarrollo Personal del Profesorado, 11 | |
| 999 | |c 333130 |d 333128 | ||
| 952 | |0 0 |1 0 |4 0 |6 370_114000000000000_MAR_2008 |7 0 |8 A |9 421317 |a BIBMAT |b BIBMAT |c E_DIDACT |d 2019-11-22 |i 4531671 |o 370.114 MAR 2008 |p 4531671 |r 2025-01-07 |w 2019-11-22 |y BK |k MAT | ||